000 00538nam a22001817a 4500
005 20251108164038.0
008 250721s1981 xx 000 0 ara d
082 1 4 _a216,7/إسم
100 1 _aأبو شريعة، إسماعيل إبراهيم محمد
245 1 0 _aنظرية الحرب في الشريعة الإسلامية /
264 1 _aالكويت :
_bمكتبة الفلاح،
_c1981.
300 _a582ص
650 1 7 _aالإسلام
650 1 7 _aالفقه
650 1 7 _aالجهاد
942 _2ddc
_cBK
999 _c2242
_d2242